| 000 -LEADER |
| fixed length control field |
01622cam a2200277 i 4500 |
| 001 - CONTROL NUMBER |
| control field |
431868 |
| 003 - CONTROL NUMBER IDENTIFIER |
| control field |
OSt |
| 005 - DATE AND TIME OF LATEST TRANSACTION |
| control field |
20241112095804.0 |
| 008 - FIXED-LENGTH DATA ELEMENTS--GENERAL INFORMATION |
| fixed length control field |
240717t20152011enka j 000 1 eng d |
| 020 ## - INTERNATIONAL STANDARD BOOK NUMBER |
| International Standard Book Number |
9781035033287 |
| Qualifying information |
(pbk.) : |
| 020 ## - INTERNATIONAL STANDARD BOOK NUMBER |
| International Standard Book Number |
9781035034079 |
| 040 ## - CATALOGING SOURCE |
| Original cataloging agency |
臺東縣政府文化處 |
| Language of cataloging |
eng |
| Transcribing agency |
臺東縣政府文化處 |
| Description conventions |
AACR2 |
| Modifying agency |
KH8 |
| 041 0# - LANGUAGE CODE |
| Language code of text/sound track or separate title |
eng |
| 042 ## - AUTHENTICATION CODE |
| Authentication code |
nbic |
| 082 0# - DEWEY DECIMAL CLASSIFICATION NUMBER |
| Classification number |
823.92 GRI |
| 100 1# - MAIN ENTRY--PERSONAL NAME |
| Personal name |
Griffiths, Andy, |
| Dates associated with a name |
1961- |
| Relator term |
aut. |
| 245 14 - TITLE STATEMENT |
| Title |
The 13-story treehouse / |
| Statement of responsibility, etc. |
by Andy Griffiths & Terry Denton. |
| 260 ## - PUBLICATION, DISTRIBUTION, ETC. |
| Place of publication, distribution, etc. |
London : |
| Name of publisher, distributor, etc. |
Macmillan Children's Books, |
| Date of publication, distribution, etc. |
2015, c2011. |
| 300 ## - PHYSICAL DESCRIPTION |
| Extent |
238 p. : |
| Other physical details |
ill. ; |
| Dimensions |
20 cm. |
| 520 ## - SUMMARY, ETC. |
| Summary, etc. |
Who wouldn't want to live in a treehouse? Especially a 13-story treehouse that has a bowling alley, a see-through swimming pool, a tank full of sharks, a library full of comics, a secret underground laboratory, a games room, self-making beds, vines you can swing on, a vegetable vaporiser and a marshmallow machine that follows you around and automatically shoots your favourite flavoured marshmallows into your mouth whenever it discerns you're hungry. Life would be perfect for Andy and Terry if it wasn't for the fact that they have to write their next book, which is almost impossible because there are just so many distractions, including thirteen flying cats, giant bananas, mermaids, a sea monsters pretending to be mermaids, enormous gorillas, and dangerous burp gas-bubblegum bubbles! |
| 521 1# - TARGET AUDIENCE NOTE |
| Target audience note |
Ages 6-10. |
| 650 #0 - SUBJECT ADDED ENTRY--TOPICAL TERM |
| Topical term or geographic name entry element |
Tree houses |
| Form subdivision |
Juvenile fiction. |
| 650 #0 - SUBJECT ADDED ENTRY--TOPICAL TERM |
| Topical term or geographic name entry element |
Books and reading |
| Form subdivision |
Juvenile fiction. |
| 700 1# - ADDED ENTRY--PERSONAL NAME |
| Personal name |
Denton, Terry, |
| Relator term |
ill. |
| 942 ## - ADDED ENTRY ELEMENTS (KOHA) |
| Source of classification or shelving scheme |
|
| Koha item type |
Books - Fiction |